000 00349nam a2200133Ia 4500
005 20260328101454.0
008 260328s9999||||xx |||||||||||||| ||und||
100 _aDe Feo, Vittorio
245 0 _aLa Arquitectura en la U.R.S.S. 1917-1936 /
_cVittorio De Feo
260 _bAlianza
300 _a232 p.
650 _aARQUITECTURA REGIONAL
942 _cBK
999 _c8764
_d8764